000 00782nas a2200253 4500
001 BR0104584
003 BR-BrBNA
005 20231205102541.0
007 ta
008 230509b bl.|||p| |||| 00| 00por d
040 _aBR-BrBNA
_bpor
_cBiblioteca Nacional de Agricultura
041 _a(Pt)
072 _aF30; F60
100 1 _aSouza, R.F. de
100 1 _aContel, E.P.B.
245 1 _aAnalise da variabilidade de isoenzimas em acessos e cultivares de girassol
650 _aGirassol
650 _aVariacao Genetica
650 _aAtividade Enzimica
650 _aMetodo Estatistico
773 0 _tPesquisa Agropecuaria Brasileira (Brazil)
_xISSN 0100-204X
_g(May 2001), v. 36(5) p. 771-779
_wBR0104584
909 _a202311
_bLúcia
_c55
_dLúcia Elande
942 _2AGRIS
_n0
_cANA
999 _c168119
_d168119